Responses for show #6289 - Thursday, January 12, 2012

Dan McShane game 5.

Contestants

[<< previous game]

Stephanie Walker, a museum archivist from Richmond Heights, Ohio

Brandon Libby, an actor and Phillie Phanstormer from Mount Ephraim, New Jersey

Dan McShane, a baseball game logger from West Islip, New York (whose 4-day cash winnings total $62,001)

[next game >>]

Jeopardy! Round responses

DID YOU GET THE NUMBER OF THAT SYMPHONY?
BUSINESS BIGGIES
MEDAL OF FREEDOM ATHLETES
WORLD POTPOURRI
LITERARY CHARACTER PERSONAL TRAINER
(Alex: And you have to spell the response here...)
SPELL IT: -ABLE OR -IBLE?
    $200 21
the Fifth

Dan
    $200 25
Mattel

Stephanie
    $200 1
(Richard) Petty

Dan
    $200 14
Boston

Dan
    $200 11
Captain Ahab

Stephanie
    $200 6
E-L-I-G-I-B-L-E

Dan
    $400 22
88

Brandon
    $400 26
GM (General Motors)

Brandon
    $400 2
(Bear) Bryant

Dan
    $400 15
Brave New World

Dan
    $400 12
Jean Valjean

Brandon
    $400 7
P-L-I-A-B-L-E

Dan
    $600 23
(Dan: What is Winter?)
...
(Alex: Brandon, back to you, with a minute to go.)

the Fourth

Dan
Triple Stumper
    $600 29
[The end-of-round signal sounds.]

AIG

Stephanie
    $600 3
Arthur Ashe

Brandon
    $600 16
Google Earth

Stephanie
    $600 13
(Robert) Langdon

Dan
    $600 8
P-O-R-T-A-B-L-E

Stephanie
    $800 24
9

Stephanie
    $800 28
Dun & Bradstreet

Stephanie
    $800 4
Arnold Palmer

Dan
    $800 17
(Dan: What is the G7?)

the World Trade Organization (WTO)

DanStephanie
    $1,600 18
Jacob Marley

Stephanie
    $800 9
R-E-V-E-R-S-I-B-L-E

Dan
    $1000 27
Kimberly-Clark

Stephanie
    $1000 5
Frank Robinson

Dan
    $1000 20
(Stephanie: What is the Shriners?)
...
(Alex: It's a charity I've been associated with for over a quarter of a century--[*]. Very good one, too.)

World Vision

Stephanie
Triple Stumper
    $1000 19
Napoleon

Dan
    $1000 10
I-N-T-O-L-E-R-A-B-L-E

Stephanie

Scores at the first commercial break (after clue 14):

Dan Brandon Stephanie
$4,600 $1,000 $1,800

Scores at the end of the Jeopardy! Round:

Dan Brandon Stephanie
$4,800 $1,800 $7,200

Double Jeopardy! Round responses

SOLVE FOR EX
HISTORY
PIC THE CRITTER
WINDMILLS
U.S.A.
IT'S GOOD TO BE "KING"
    $400 11
Hugh Hefner

Brandon
    $400 6
Alexander the Great

Dan
    $400 21
Mexico

Dan
    $400 23
(Stephanie: What is Montana?)
...
(Alex: Right, with a minute to go.)

Texas

DanStephanie
    $400 16
Atlantic City

Dan
    $400 1
the King James version

Brandon
    $800 12
Courteney Cox

Dan
    $800 7
Bolivia

Dan
    $800 22
Angora

Stephanie
    $800 25
water

Dan
    $800 17
(Dan: What is General Mills?)

Battle Creek

DanBrandon
    $800 2
The King's English

Stephanie
    $1200 13
Buzz Aldrin

Dan
    $1200 8
(Stephanie: Who is Genghis Khan?)

Kublai Khan

DanStephanie
    $1200 24
the Philippines

Stephanie
    $1200 18
(Stephanie: What is Home?)

Nome

BrandonStephanie
    $1200 3
a king's ransom

Dan
    $1600 14
John Mayer

Dan
    $1600 9
Caligula

Stephanie
    $1600 28
[The end-of-round signal sounds.]

the Moulin Rouge

Dan
    $1600 19
Lynchburg

Brandon
    $1600 4
Kingpin

Stephanie
    $2000 15
Shania Twain

Brandon
    $3,000 10
Sardinia

Stephanie
    $2000 27
the aye-aye

Triple Stumper
    $2000 26
Monet

Dan
    $3,000 20
Shreveport

Brandon
    $2000 5
King Lear

Dan

Scores at the end of the Double Jeopardy! Round:

Dan Brandon Stephanie
$18,800 $11,200 $13,400

[wagering suggestions for these scores]

Final Jeopardy! Round responses

WOMEN AUTHORS
BrandonWho is Margaret Mitchell
$8,000
StephanieWho is Harper Lee?
$13,000
DanWho is Welty?
$8,801
(1 of) Pearl Buck & Margaret Mitchell

Final scores:

Dan Brandon Stephanie
$9,999 $19,200 $400
2nd place: $2,000 New champion: $19,200 3rd place: $1,000

Game dynamics:

Coryat scores:

Dan Brandon Stephanie
$18,800 $10,200 $11,600
26 R,
3 W
11 R
(including 1 DD),
0 W
17 R
(including 2 DDs),
4 W

Combined Coryat: $40,600

The J! Archive is created by fans, for fans. The Jeopardy! game show and all elements thereof, including but not limited to copyright and trademark thereto, are the property of Jeopardy Productions, Inc. and are protected under law. This website is not affiliated with, sponsored by, or operated by Jeopardy Productions, Inc. Join the discussion at JBoard.tv.